Statistics for Which cat breed?

Click here to take the quiz!

General Stats

  • This quiz has been taken 9 times
  • The average score is 6 of 10

Answer Stats

HintAnswer% Correct
A long haired cat with round face and short muzzlePersian cat
88%
A cat with a triangular face and blue eyesSiamese cat
88%
Has a coat like a leopard.Bengal cat
63%
Largest domesticated cat breedMaine Coon
63%
Breed with very short legsMunchkin cat
63%
Breed with folded earsScottish Fold
63%
Hairless catSphynx cat
63%
Colour pointed coat and blue eyesRagdoll
38%
Has a stocky body and solid grey-blue coatBritish Shorthair
25%
Has a coat like a tigerToyger
0%

Score Distribution

Percentile by Number Answered

Percent of People with Each Score

Your Score History

You have not taken this quiz